| 000 | 00668 a2200205 4500 | ||
|---|---|---|---|
| 001 | 133920 | ||
| 020 | _a85-02-00338-0 | ||
| 040 | _cLeonardo Da Vinci | ||
| 041 | _aPortuguês | ||
| 082 |
_a342 F442c _bF442c |
||
| 100 | _aFERREIRA FILHO, Manoel Gonçalves | ||
| 245 | _aCurso de direito constitucional | ||
| 250 | _a17.ed | ||
| 260 |
_bSaraiva _c1989 _aSão Paulo |
||
| 300 | _a314 | ||
| 362 | _a19890000 | ||
| 500 | _aEdição revista e atualizada | ||
| 697 |
_aDireito _aDireito constitucional _aConstituição (1988) _aFormas de governo _aDemocracia _aNacionalidade _aPresidencialismo _aParlamentarismo _aPoder legislativo _aJustiça _aBrasil _aFIPEN |
||
| 942 | _cBK | ||
| 999 |
_c133920 _d133920 |
||